La vida al ritmo de la Palabra : cómo dejarse formar por la Escritura /

Guardado en:
Detalles Bibliográficos
Autor principal: Cencini, Amedeo (autor)
Otros autores: Beltrán, Justiniano (traducción) (traducción)
Formato: Libro
Idioma:Español
Publicado: Bogotá, Colombia : San Pablo, 2010, c2010
Etiquetas: Agrega una etiqueta
Sin etiquetas, Sé el primero en etiquetar este registro!

MARC

LEADER 00000nam^a2200000^a^4500
001 000451497
005 20250521000000.0
009 20260310123813.672
020 |a 978--58-715-421-4 
037 |a Acervo Xavier Clavigero 
041 |a ESP 
091 |a FCA. 03728 
100 |a Cencini, Amedeo  |e (autor) 
245 1 3 |a La vida al ritmo de la Palabra : cómo dejarse formar por la Escritura / 
264 4 |a Bogotá, Colombia :  |b San Pablo,  |c 2010, c2010 
300 |a 95 p. 
336 |a texto  |b txt  |2 rdacontenido 
337 |a sin mediación  |b n  |2 rdamedio 
338 |a volumen  |b nc  |2 rdasoporte 
649 |a XX 
700 |a Beltrán, Justiniano  |e (traducción) 
910 |a Fondo Xavier Cacho Vázquez S.J. 
920 |a Impresos - Libros 
930 |a Fondos Especiales 
905 |a 131 
901 |a 0500379758  |b IT2  |c ESP  |i D  |u 20250521 
902 |a https://opac.biblio.iteso.mx/vufind/Record/000451497